| 000 | 00911nam a2200277 a 4500 | ||
|---|---|---|---|
| 001 | |||
| 003 | OSt | ||
| 005 | 20211109091618.0 | ||
| 008 | 110323s2001 dr 001 0dspa d | ||
| 040 |
_aDO-SdBNP _bspa _cBPMSU |
||
| 082 |
_a320.97293054 _bG324b, 2001 _22001 |
||
| 100 | 1 | _aGenao, Altagracia | |
| 245 | 1 | 0 |
_aBuscando a Bosch / _cAltagracia Genao, Tony del Villar. |
| 250 | _a2ª ed. | ||
| 260 |
_aSanto Domingo : _bGráfica Marie, _c2001. |
||
| 300 |
_a74 p. ; _c21 cm. |
||
| 500 | _aIncluye datos biográficos de la autora en la solapa de la cubierta. | ||
| 590 | _aInventariado, 2021/VM | ||
| 600 | 1 | 0 |
_a Bosch, Juan, _d1909-2001 _91 |
| 650 | 4 |
_aPartido de la Liberación Dominicana _xHistoria |
|
| 650 | 4 |
_aPartidos políticos _zRepública Dominicana |
|
| 651 | 4 |
_aRepública Dominicana _xPolítica y Gobierno _y1961- |
|
| 700 | 1 | _aVillar, Tony del | |
| 910 | _a VMateo V. | ||
| 942 |
_2ddc _cBK |
||
| 999 |
_c13860 _d13860 |
||